[Event "105th British-ch 2018"]
[Site "Hull"]
[Date "2018.08.01"]
[Round "5"]
[White "Eggleston, David J"]
[Black "Tan, Justin Hy"]
[Result "1/2-1/2"]
[WhiteElo "2397"]
[BlackElo "2481"]
[Annotator "TA"]
[PlyCount "67"]
[EventDate "2018.07.28"]
[EventType "swiss"]
[EventCountry "GBR"]
[SourceTitle "playchess.com"]
[Source "ChessBase"]
[SourceQuality "1"]

{[%evp 21,67,0,0,0,10,0,3,7,18,18,22,-14,-12,-2,-2,-8,-8,-18,0,-20,-4,-22,0,0,0,-58,-39,-51,-47,-55,-41,-23,0,0,0,0,0,0,0,0,0,0,0,0,0,0,0,0]} 1. e4 e5 2. Nf3 Nc6 3. Bc4 Bc5 4. c3 Nf6 5. d3 O-O 6. O-O d6 7. h3 h6 8. b4 Bb6 9. a4 a5 {C54: Giuoco Piano: 4 c3 Nf6, main lines with 5 d4 and 5 d3} 10. b5 Ne7 11. Re1 Ng6 {LiveBook: 6 Games} 12. Nbd2 (12. Na3 c6 13. Ba2 Re8 14. Rb1 d5 15. bxc6 bxc6 16. exd5 cxd5 17. Be3 Bc7 {0-1 (38) Gajic,M (2300)-Hjartarson,J (2541) Helsingor 2017}) 12... c6 13. bxc6 bxc6 14. d4 exd4 $146 ({Predecessor:} 14... Nh5 15. Nxe5 Nxe5 16. Qxh5 Qf6 17. Qe2 Bxh3 18. gxh3 {1-0 (27) Ontibon,M-Montenegro,C Merida 1997}) 15. cxd4 d5 16. Bf1 Nxe4 17. Nxe4 dxe4 18. Rxe4 Be6 19. Re1 Qf6 20. Be3 Rfd8 21. Rb1 Bc7 22. Rc1 Bd5 23. Nh2 (23. Bc4 $11) 23... Rab8 24. g3 Rb2 25. Ng4 Qd6 $1 26. Bc4 f5 {[#]} 27. Ne5 $1 {[%mdl 512] The position is equal.} Nxe5 28. dxe5 Qg6 29. Qf3 Bxe5 30. Rcd1 {And now Bc1 would win.} Kh7 31. Bxd5 Rxd5 32. Rxd5 cxd5 33. Bc1 Rc2 {[#] Threatens to win with ...Rc3.} 34. Rxe5 {Precision: White = 78%, Black = 65%.} 1/2-1/2

[Event "105th British-ch 2018"]
[Site "Hull"]
[Date "2018.08.01"]
[Round "5"]
[White "Macklin, Paul"]
[Black "Rudd, Jack"]
[Result "1-0"]
[WhiteElo "2363"]
[BlackElo "2244"]
[Annotator "NA"]
[PlyCount "53"]
[EventDate "2018.07.28"]
[EventType "swiss"]
[EventCountry "GBR"]
[SourceTitle "playchess.com"]
[Source "ChessBase"]
[SourceQuality "1"]
[TimeControl "40/5400+30:1800+30"]

1. e4 {[%emt 0:06:00]} c6 {[%emt 0:00:00]} 2. d4 {[%emt 0:00:23]} d5 {[%emt 0:00:00]} 3. exd5 {[%emt 0:00:14]} cxd5 {[%emt 0:00:00]} 4. Bd3 {[%emt 0:00:10]} Nc6 {[%emt 0:00:00]} 5. c3 {[%emt 0:00:05]} Nf6 {[%emt 0:00:00]} 6. Bf4 {[%emt 0:00:41]} Bg4 {[%emt 0:00:52]} 7. Qb3 {[%emt 0:00:58]} Qc8 {[%emt 0:00:55]} 8. Nd2 {[%emt 0:00:34]} e6 {[%emt 0:01:47]} 9. Ngf3 {[%emt 0:00:06]} Bxf3 {[%emt 0:00:13]} 10. Nxf3 {[%emt 0:00:06]} Be7 {[%emt 0:00:07]} 11. O-O {[%emt 0:01:06]} O-O {[%emt 0:00:14]} 12. Rfe1 {[%emt 0:04:44]} Nh5 {[%emt 0:01:19]} 13. Bd2 {[%emt 0:02:57]} Bd6 {[%emt 0:01:26]} 14. Qc2 {[%emt 0:00:18]} g6 {[%emt 0:01:04]} 15. Bh6 {[%emt 0:08:57]} Re8 {[%emt 0:01:07]} 16. Ne5 {[%emt 0:10:02]} Qc7 {[%emt 0:02:03]} 17. f4 {[%emt 0:04:23]} Rac8 {[%emt 0:03:03]} 18. Re2 {[%emt 0:11:59]} f6 {[%emt 0:07:23]} 19. Bxg6 {[%emt 0:11:34]} hxg6 {[%emt 0:00:40]} 20. Qxg6+ {[%emt 0:00:21]} Ng7 {[%emt 0:00:09]} 21. Ng4 {[%emt 0:00:38]} Rf8 {[%emt 0:00:49]} 22. Rxe6 {[%emt 0:01:05]} Bxf4 {[%emt 0:01:57]} 23. Rxf6 {[%emt 0:09:04]} Bxh6 {[%emt 0:00:28]} 24. Nxh6+ {[%emt 0:00:05]} Kh8 {[%emt 0:00:06]} 25. Nf7+ {[%emt 0:00:28]} Kg8 {[%emt 0:00:07]} 26. Raf1 {[%emt 0:12:06]} Qe7 {[%emt 0:00:06]} 27. Ng5 {[%emt 0:00:51]} 1-0

[Event "105th British-ch 2018"]
[Site "Hull"]
[Date "2018.08.01"]
[Round "5"]
[White "Bradbury, Neil H"]
[Black "Houska, Jovanka"]
[Result "1/2-1/2"]
[WhiteElo "2348"]
[BlackElo "2406"]
[Annotator "TA"]
[PlyCount "114"]
[EventDate "2018.07.28"]
[EventType "swiss"]
[EventCountry "GBR"]
[SourceTitle "playchess.com"]
[Source "ChessBase"]
[SourceQuality "1"]

{[%evp 14,114,-1,-3,9,9,4,10,4,2,30,29,21,15,15,-16,15,24,10,18,33,0,30,30,18,21,31,12,27,9,18,9,20,11,13,15,35,17,31,0,30,28,87,79,61,0,0,0,0,0,0,-60,-7,-16,0,0,0,0,0,0,0,0,0,0,0,-8,6,6,12,8,12,0,8,0,0,0,0,0,0,0,0,0,3,0,0,0,0,0,0,0,0,0,20,0,0,0,0,0,0,0,0,0,0]} 1. d4 d5 2. c4 e6 3. Nc3 a6 4. e4 (4. cxd5 exd5 5. Nf3 Nf6 6. Bg5 Be6 7. e3 Nbd7 8. Bd3 h6 9. Bh4 g5 10. Bg3 Nh5 11. Be5 Nhf6 12. Bg3 Nh5 13. Be5 Nhf6 14. Bg3 {½-½ (14) L'Ami,E (2630)-Nisipeanu,L (2671) Maastricht 2018}) 4... dxe4 5. Nxe4 Bb4+ 6. Nc3 {D31: Damengambit (Halbslawisch)} c5 7. a3 Ba5 8. Be3 {LiveBook: 3 Partien} cxd4 $146 ({Vorgänger:} 8... Nf6 9. Nge2 cxd4 10. Qxd4 Nbd7 11. g3 Bb6 {0-1 (38) Stathopoulos,I (2343)-Bernadskiy,V (2543) Kavala 2017}) 9. Bxd4 Nf6 10. b4 Bc7 11. Nf3 Nbd7 12. Bd3 b6 13. O-O Bb7 14. Qe2 O-O {[#] zielt auf ...e5! ab.} (14... Bxf3 $5 15. Qxf3 Be5 $11) 15. Rad1 Qe7 16. Rfe1 Rfd8 17. h3 Rac8 18. Nd5 Nxd5 19. cxd5 Bxd5 20. Bxa6 Ra8 21. Bc4 Bb7 22. Bb2 Nf8 23. Qe3 Rxd1 24. Rxd1 Rd8 25. Rc1 Rc8 26. Rd1 Bb8 27. Bb3 b5 (27... Ng6 $11) 28. Qd4 $16 {[%csl Gb2][%cal Rd4g7] [#]} f6 29. Qb6 (29. Qd3 $14) 29... Bxf3 $1 $11 30. gxf3 Be5 31. Bxe5 fxe5 32. Qd6 (32. Qxb5 $11 Rc3 33. Rd3 Rc1+ 34. Rd1) 32... Qf6 (32... Qxd6 $15 33. Rxd6 Kf7) 33. Qd3 {Die Stellung ist ausgeglichen.} Ra8 34. Qxb5 Rxa3 35. Qd3 {Droht stark Lxe6+!} Ra8 36. b5 {Droht b6 und aus.} Ng6 $1 37. Qe4 Rb8 38. Bc4 Nf4 {...Dg5+ ist eine echte Drohung.} 39. Bf1 h5 40. Rb1 Rb6 41. Kh2 Qh4 42. Qe3 Nd5 $132 {[%mdl 2048] Schwarz has counterplay} 43. Qd2 Rb8 44. Re1 Rf8 45. Re4 Qf6 46. Be2 Qd8 47. Kg1 Qd6 48. Qb2 Rf5 49. Bf1 Rg5+ 50. Kh2 Rf5 51. Kg1 Qd8 52. h4 {Schwarz muss nun Lh3 beachten.} Qd6 53. Bh3 Rxf3 54. Bg2 Rf5 55. Bh3 Rf3 56. Bg2 Rf5 57. Bh3 Rf3 {Precision: Weiß = 62%, Schwarz = 47%.} 1/2-1/2

[Event "105th British-ch 2018"]
[Site "Hull"]
[Date "2018.08.01"]
[Round "5"]
[White "Murphy, Conor E"]
[Black "Wall, Tim P"]
[Result "1-0"]
[WhiteElo "2336"]
[BlackElo "2234"]
[Annotator "NA"]
[PlyCount "95"]
[EventDate "2018.07.28"]
[EventType "swiss"]
[EventCountry "GBR"]
[SourceTitle "playchess.com"]
[Source "ChessBase"]
[SourceQuality "1"]
[TimeControl "40/5400+30:1800+30"]

1. e4 {[%emt 0:00:00]} e5 {[%emt 0:17:53]} 2. Nf3 {[%emt 0:00:00]} Nf6 {[%emt 0:00:31]} 3. Nxe5 {[%emt 0:01:42]} d6 {[%emt 0:00:14]} 4. Nf3 {[%emt 0:00:16]} Nxe4 {[%emt 0:00:26]} 5. Nc3 {[%emt 0:00:53]} Nxc3 {[%emt 0:00:16]} 6. dxc3 {[%emt 0:00:04]} Be7 {[%emt 0:00:14]} 7. Be3 {[%emt 0:00:05]} O-O {[%emt 0:00:54]} 8. Qd2 {[%emt 0:00:05]} Nd7 {[%emt 0:03:00]} 9. O-O-O {[%emt 0:00:43]} b6 {[%emt 0:00:27]} 10. h4 {[%emt 0:06:41]} Bb7 {[%emt 0:01:04]} 11. h5 {[%emt 0:01:46]} Ne5 {[%emt 0:08:50]} 12. Nd4 {[%emt 0:09:10]} Bf6 {[%emt 0:08:24]} 13. Be2 {[%emt 0:05:45]} Qd7 {[%emt 0:09:45]} 14. Bg5 {[%emt 0:18:28]} Bxg5 {[%emt 0:17:18]} 15. Qxg5 {[%emt 0:00:07]} f6 {[%emt 0:00:08]} 16. Qg3 {[%emt 0:03:27]} c5 {[%emt 0:06:26]} 17. Nb5 {[%emt 0:05:24]} d5 {[%emt 0:01:05]} 18. f4 {[%emt 0:00:45]} a6 {[%emt 0:04:18]} 19. Na3 {[%emt 0:06:28]} Nf7 {[%emt 0:03:20]} 20. h6 {[%emt 0:07:23]} g6 {[%emt 0:00:07]} 21. Bh5 {[%emt 0:01:02]} Nd6 {[%emt 0:01:50]} 22. Bf3 {[%emt 0:03:09]} Qf7 {[%emt 0:03:51]} 23. Qf2 {[%emt 0:11:37]} Rfe8 {[%emt 0:04:58]} 24. Rhe1 {[%emt 0:03:22]} Rxe1 {[%emt 0:01:23]} 25. Rxe1 {[%emt 0:00:25]} Re8 {[%emt 0:00:12]} 26. Nb1 {[%emt 0:02:24]} Ne4 {[%emt 0:01:57]} 27. Bxe4 {[%emt 0:03:12]} dxe4 {[%emt 0:00:05]} 28. g4 {[%emt 0:00:09]} Qf8 {[%emt 0:01:02]} 29. Nd2 {[%emt 0:01:27]} Qxh6 {[%emt 0:02:20]} 30. Nc4 {[%emt 0:00:13]} Qh3 {[%emt 0:01:14]} 31. f5 {[%emt 0:05:21]} Qxg4 {[%emt 0:01:11]} 32. fxg6 {[%emt 0:00:19]} Qg5+ {[%emt 0:00:31]} 33. Kb1 {[%emt 0:00:08]} hxg6 {[%emt 0:00:14]} 34. Nd6 {[%emt 0:01:35]} e3 {[%emt 0:00:34]} 35. Qh2 {[%emt 0:00:34]} Re7 {[%emt 0:00:21]} 36. Nxb7 {[%emt 0:00:42]} Rxb7 {[%emt 0:00:06]} 37. Rh1 {[%emt 0:00:02]} Qd5 {[%emt 0:01:15]} 38. Qh8+ {[%emt 0:00:39]} Kf7 {[%emt 0:00:04]} 39. Rh7+ {[%emt 0:00:23]} Ke6 {[%emt 0:00:05]} 40. Qg8+ {[%emt 0:00:17]} Ke5 {[%emt 0:00:47]} 41. Qxd5+ {[%emt 0:04:25]} Kxd5 {[%emt 0:00:08]} 42. Rxb7 {[%emt 0:00:04]} Ke4 {[%emt 0:03:49]} 43. Kc1 {[%emt 0:01:51]} Kf3 {[%emt 0:02:11]} 44. Rxb6 {[%emt 0:01:01]} f5 {[%emt 0:00:12]} 45. Rxg6 {[%emt 0:01:57]} f4 {[%emt 0:06:28]} 46. Kd1 {[%emt 0:01:52]} Kf2 {[%emt 0:00:42]} 47. Re6 {[%emt 0:00:12]} a5 {[%emt 0:02:13]} 48. a3 {[%emt 0:01:01]} 1-0

[Event "105th British-ch 2018"]
[Site "Hull"]
[Date "2018.08.01"]
[Round "5"]
[White "Fitzsimons, David"]
[Black "Kalaiyalahan, Akshaya"]
[Result "1/2-1/2"]
[WhiteElo "2328"]
[BlackElo "2138"]
[Annotator "NA"]
[PlyCount "90"]
[EventDate "2018.07.28"]
[EventType "swiss"]
[EventCountry "GBR"]
[SourceTitle "playchess.com"]
[Source "ChessBase"]
[SourceQuality "1"]
[TimeControl "40/5400+30:1800+30"]

1. e4 {[%emt 0:00:00]} c5 {[%emt 0:00:00]} 2. Nf3 {[%emt 0:00:00]} Nc6 {[%emt 0:00:00]} 3. Bb5 {[%emt 0:00:00]} g6 {[%emt 0:00:00]} 4. O-O {[%emt 0:00:00]} Bg7 {[%emt 0:00:07]} 5. Re1 {[%emt 0:00:02]} Nf6 {[%emt 0:00:24]} 6. e5 {[%emt 0:00:21]} Nd5 {[%emt 0:00:18]} 7. Nc3 {[%emt 0:00:09]} Nc7 {[%emt 0:00:39]} 8. Bxc6 {[%emt 0:00:08]} dxc6 {[%emt 0:00:23]} 9. Ne4 {[%emt 0:01:08]} b6 {[%emt 0:00:33]} 10. d3 {[%emt 0:00:30]} O-O {[%emt 0:00:30]} 11. h3 {[%emt 0:01:01]} Ne6 {[%emt 0:03:59]} 12. Qe2 {[%emt 0:05:05]} Nd4 {[%emt 0:04:07]} 13. Nxd4 {[%emt 0:00:17]} Qxd4 {[%emt 0:01:35]} 14. Ng5 {[%emt 0:01:45]} h6 {[%emt 0:03:54]} 15. Nf3 {[%emt 0:00:49]} Qd5 {[%emt 0:01:52]} 16. c4 {[%emt 0:01:32]} Qd8 {[%emt 0:03:32]} 17. Bf4 {[%emt 0:00:53]} Bf5 {[%emt 0:07:14]} 18. Rad1 {[%emt 0:00:17]} Qc8 {[%emt 0:00:56]} 19. Qe3 {[%emt 0:15:33]} Kh7 {[%emt 0:01:31]} 20. Rd2 {[%emt 0:05:15]} g5 {[%emt 0:11:16]} 21. Bg3 {[%emt 0:01:11]} Bg6 {[%emt 0:03:08]} 22. Kh2 {[%emt 0:06:00]} f5 {[%emt 0:02:48]} 23. exf6 {[%emt 0:00:10]} exf6 {[%emt 0:00:24]} 24. d4 {[%emt 0:12:45]} Re8 {[%emt 0:06:01]} 25. Qc3 {[%emt 0:00:11]} Rxe1 {[%emt 0:01:49]} 26. Nxe1 {[%emt 0:00:02]} Qe6 {[%emt 0:20:04]} 27. Nf3 {[%emt 0:03:08]} Rd8 {[%emt 0:00:56]} 28. Qa3 {[%emt 0:17:02]} cxd4 {[%emt 0:09:00]} 29. Qxa7 {[%emt 0:00:29]} f5 {[%emt 0:05:41]} 30. Qxb6 {[%emt 0:12:40]} Rd7 {[%emt 0:00:16]} 31. Bb8 {[%emt 0:00:45]} Qe4 {[%emt 0:04:15]} 32. Qa5 {[%emt 0:04:33]} d3 {[%emt 0:04:55]} 33. b3 {[%emt 0:03:39]} Bh5 {[%emt 0:01:28]} 34. Ne5 {[%emt 0:01:42]} Rb7 {[%emt 0:01:25]} 35. Bd6 {[%emt 0:00:37]} Qd4 {[%emt 0:01:06]} 36. Rxd3 {[%emt 0:05:22]} Bxe5+ {[%emt 0:00:04]} 37. Bxe5 {[%emt 0:00:05]} Qxd3 {[%emt 0:00:06]} 38. Qa8 {[%emt 0:00:09]} Rg7 {[%emt 0:00:36]} 39. Bxg7 {[%emt 0:01:50]} Qd6+ {[%emt 0:00:12]} 40. Kg1 {[%emt 0:01:19]} Kxg7 {[%emt 0:00:15]} 41. Qb7+ {[%emt 0:30:10]} Bf7 {[%emt 0:30:20]} 42. a4 {[%emt 0:00:28]} Qd1+ {[%emt 0:00:00]} 43. Kh2 {[%emt 0:00:15]} Qd6+ 44. Kg1 {[%emt 0:00:00]} Qd1+ {[%emt 0:00:00]} 45. Kh2 {[%emt 0:00:00]} Qd6+ {[%emt 0:00:00]} 1/2-1/2

[Event "105th British-ch 2018"]
[Site "Hull"]
[Date "2018.08.01"]
[Round "5"]
[White "Webb, Laurence E"]
[Black "Adair, James R"]
[Result "1/2-1/2"]
[WhiteElo "2306"]
[BlackElo "2492"]
[Annotator "TA"]
[PlyCount "53"]
[EventDate "2018.07.28"]
[EventType "swiss"]
[EventCountry "GBR"]
[SourceTitle "playchess.com"]
[Source "ChessBase"]
[SourceQuality "1"]

{[%evp 22,53,0,-2,0,-6,0,-16,0,-11,0,0,0,0,0,-36,0,0,0,-30,0,0,0,0,0,0,0,0,0,0,0,0,0,0]} 1. d4 Nf6 2. c4 e6 3. Nf3 d5 4. Nc3 c6 5. cxd5 exd5 6. Bg5 h6 7. Bh4 Bf5 8. e3 Nbd7 9. Bd3 Bxd3 10. Qxd3 Be7 11. O-O O-O 12. Rab1 {LiveBook: 29 Partien} a6 {D35: Damengambit (Abtauschvariante)} (12... a5 13. Qc2 Re8 14. a3 Qb8 15. b4 axb4 16. axb4 b5 17. Bxf6 Nxf6 18. Ne2 Rc8 19. Nf4 Bd6 20. Nd3 {1-0 (72) Thybo,J (2473)-Percivaldi,M (2398) Ballerup 2018}) 13. Qc2 $146 Re8 14. Rfc1 Rc8 15. b4 b5 16. Bxf6 Bxf6 17. a4 Nb6 $1 18. Ra1 Qe7 19. Rcb1 Nc4 20. Qd3 Qf8 21. e4 {Die Stellung ist ausgeglichen.} dxe4 22. Nxe4 Be7 23. Nc5 Bxc5 24. dxc5 Qe7 25. axb5 axb5 26. Re1 Qf6 27. Qd4 {Precision: Weiß = 51%, Schwarz = 59%.} 1/2-1/2

[Event "105th British-ch 2018"]
[Site "Hull"]
[Date "2018.08.01"]
[Round "5"]
[White "Zapolskis, Antanas"]
[Black "Arkell, Keith C"]
[Result "0-1"]
[WhiteElo "2283"]
[BlackElo "2406"]
[Annotator "NA"]
[PlyCount "86"]
[EventDate "2018.07.28"]
[EventType "swiss"]
[EventCountry "GBR"]
[SourceTitle "playchess.com"]
[Source "ChessBase"]
[SourceQuality "1"]
[TimeControl "40/5400+30:1800+30"]

1. e4 {[%emt 0:00:00]} g6 {[%emt 0:03:12]} 2. d4 {[%emt 0:00:08]} Bg7 {[%emt 0:00:05]} 3. Nc3 {[%emt 0:00:10]} c6 {[%emt 0:00:37]} 4. Bc4 {[%emt 0:02:03]} d6 {[%emt 0:03:38]} 5. Qf3 {[%emt 0:06:12]} e6 {[%emt 0:00:05]} 6. Be3 {[%emt 0:00:08]} d5 {[%emt 0:00:18]} 7. Bd3 {[%emt 0:01:13]} Na6 {[%emt 0:02:31]} 8. O-O-O {[%emt 0:02:49]} Nb4 {[%emt 0:00:05]} 9. h4 {[%emt 0:00:18]} Qa5 {[%emt 0:04:12]} 10. a3 {[%emt 0:04:02]} Nxd3+ {[%emt 0:00:25]} 11. Rxd3 {[%emt 0:00:07]} h6 {[%emt 0:08:44]} 12. Bd2 {[%emt 0:08:26]} Qd8 {[%emt 0:03:40]} 13. h5 {[%emt 0:01:20]} g5 {[%emt 0:00:10]} 14. e5 {[%emt 0:00:11]} b6 {[%emt 0:00:32]} 15. Qg4 {[%emt 0:03:27]} Ba6 {[%emt 0:00:47]} 16. Rdh3 {[%emt 0:05:13]} c5 {[%emt 0:00:58]} 17. dxc5 {[%emt 0:02:03]} Qd7 {[%emt 0:00:12]} 18. cxb6 {[%emt 0:16:03]} Bxe5 {[%emt 0:03:02]} 19. Nf3 {[%emt 0:06:50]} Bg7 {[%emt 0:05:36]} 20. Qb4 {[%emt 0:00:54]} axb6 {[%emt 0:04:27]} 21. Re1 {[%emt 0:00:25]} Ne7 {[%emt 0:00:18]} 22. Qxb6 {[%emt 0:04:39]} Nc6 {[%emt 0:20:24]} 23. Rg3 {[%emt 0:11:58]} Bc4 {[%emt 0:04:45]} 24. Bf4 {[%emt 0:02:32]} Bxc3 {[%emt 0:01:35]} 25. bxc3 gxf4 {[%emt 0:00:06]} 26. Rg4 {[%emt 0:00:45]} Ra6 {[%emt 0:02:16]} 27. Qb2 {[%emt 0:01:18]} Qd6 {[%emt 0:02:32]} 28. Kd2 {[%emt 0:02:44]} Qb8 {[%emt 0:12:32]} 29. Qxb8+ {[%emt 0:01:10]} Nxb8 {[%emt 0:00:04]} 30. Rxf4 {[%emt 0:00:11]} Nd7 {[%emt 0:01:18]} 31. Nd4 {[%emt 0:03:55]} O-O {[%emt 0:03:10]} 32. f3 {[%emt 0:02:51]} Kh7 {[%emt 0:00:15]} 33. Rh4 {[%emt 0:00:39]} Rg8 {[%emt 0:00:13]} 34. g4 Rxa3 35. Rb1 {[%emt 0:00:44]} Rb8 {[%emt 0:01:21]} 36. Rxb8 {[%emt 0:00:13]} Nxb8 {[%emt 0:00:03]} 37. Rh1 {[%emt 0:00:30]} Ra6 {[%emt 0:00:30]} 38. Rb1 {[%emt 0:00:39]} Nc6 {[%emt 0:00:05]} 39. Rb7 {[%emt 0:00:23]} Nxd4 {[%emt 0:00:11]} 40. cxd4 {[%emt 0:00:15]} Kg7 {[%emt 0:00:29]} 41. f4 {[%emt 0:30:19]} Ra3 {[%emt 0:32:14]} 42. c3 {[%emt 0:00:56]} Ra2+ {[%emt 0:00:05]} 43. Ke3 {[%emt 0:00:08]} Be2 {[%emt 0:00:20]} 0-1

[Event "105th British-ch 2018"]
[Site "Hull"]
[Date "2018.08.01"]
[Round "5"]
[White "Toma, Katarzyna"]
[Black "Trent, Lawrence"]
[Result "1-0"]
[WhiteElo "2274"]
[BlackElo "2406"]
[Annotator "NA"]
[PlyCount "101"]
[EventDate "2018.07.28"]
[EventType "swiss"]
[EventCountry "GBR"]
[SourceTitle "playchess.com"]
[Source "ChessBase"]
[SourceQuality "1"]
[TimeControl "40/5400+30:1800+30"]

1. e4 {[%emt 0:00:00]} c5 {[%emt 0:00:00]} 2. Nf3 {[%emt 0:00:00]} Nf6 {[%emt 0:00:00]} 3. d3 {[%emt 0:02:42]} Nc6 {[%emt 0:00:36]} 4. Nbd2 {[%emt 0:00:58]} d5 {[%emt 0:04:12]} 5. g3 {[%emt 0:01:28]} g6 {[%emt 0:04:52]} 6. Bg2 {[%emt 0:00:15]} Bg7 {[%emt 0:00:04]} 7. O-O {[%emt 0:00:59]} O-O {[%emt 0:00:07]} 8. Re1 {[%emt 0:03:01]} e6 {[%emt 0:03:49]} 9. c3 {[%emt 0:02:41]} b6 {[%emt 0:06:00]} 10. Qa4 {[%emt 0:06:58]} Bd7 {[%emt 0:03:24]} 11. Qc2 {[%emt 0:01:00]} Rc8 {[%emt 0:01:53]} 12. Nf1 {[%emt 0:00:44]} h6 {[%emt 0:09:42]} 13. h3 {[%emt 0:02:57]} e5 {[%emt 0:00:21]} 14. g4 {[%emt 0:23:52]} d4 {[%emt 0:05:38]} 15. c4 {[%emt 0:02:12]} Nh7 {[%emt 0:05:20]} 16. Ng3 {[%emt 0:01:02]} Ng5 {[%emt 0:00:58]} 17. Bd2 {[%emt 0:07:36]} Nxf3+ {[%emt 0:01:43]} 18. Bxf3 {[%emt 0:00:04]} Qh4 {[%emt 0:00:03]} 19. Kg2 {[%emt 0:00:11]} Nd8 {[%emt 0:00:43]} 20. a3 {[%emt 0:07:33]} Ne6 {[%emt 0:02:35]} 21. Qc1 {[%emt 0:00:05]} Bf6 {[%emt 0:04:19]} 22. Bxh6 {[%emt 0:02:28]} Bg5 {[%emt 0:00:09]} 23. Bxg5 {[%emt 0:00:20]} Nxg5 {[%emt 0:00:02]} 24. Rh1 {[%emt 0:02:15]} f5 {[%emt 0:15:34]} 25. exf5 {[%emt 0:10:25]} Nxf3 {[%emt 0:00:16]} 26. Kxf3 {[%emt 0:00:04]} gxf5 {[%emt 0:00:14]} 27. Ke2 {[%emt 0:08:03]} fxg4 {[%emt 0:00:11]} 28. Ne4 {[%emt 0:00:14]} Rf4 {[%emt 0:17:33]} 29. Qg1 {[%emt 0:00:21]} Qh7 {[%emt 0:07:05]} 30. Qg3 {[%emt 0:05:42]} Rcf8 {[%emt 0:01:50]} 31. hxg4 {[%emt 0:02:05]} Rxe4+ {[%emt 0:00:35]} 32. dxe4 {[%emt 0:02:01]} Qxe4+ {[%emt 0:00:05]} 33. Kd2 {[%emt 0:00:12]} Rf3 {[%emt 0:01:52]} 34. Qh2 {[%emt 0:01:37]} Rd3+ {[%emt 0:03:36]} 35. Kc1 {[%emt 0:00:29]} Qf4+ {[%emt 0:00:06]} 36. Qxf4 {[%emt 0:00:03]} exf4 {[%emt 0:00:01]} 37. Kc2 {[%emt 0:00:45]} Rf3 {[%emt 0:00:04]} 38. Rh2 {[%emt 0:00:11]} Be8 {[%emt 0:00:29]} 39. Re1 {[%emt 0:00:39]} Bg6+ {[%emt 0:00:05]} 40. Kc1 {[%emt 0:00:14]} Kf7 {[%emt 0:00:41]} 41. Re5 {[%emt 0:34:35]} Bd3 {[%emt 0:14:09]} 42. g5 {[%emt 0:00:00]} Kg7 {[%emt 0:05:14]} 43. Rh6 {[%emt 0:00:00]} Rxf2 {[%emt 0:04:54]} 44. Re7+ {[%emt 0:00:00]} Kg8 {[%emt 0:00:08]} 45. Rd6 {[%emt 0:00:00]} Kf8 {[%emt 0:00:21]} 46. Rxa7 {[%emt 0:00:00]} Re2 {[%emt 0:00:05]} 47. Rf6+ {[%emt 0:00:00]} Kg8 {[%emt 0:00:36]} 48. g6 {[%emt 0:00:00]} Re8 {[%emt 0:10:44]} 49. g7 {[%emt 0:00:00]} f3 {[%emt 0:00:54]} 50. Rxf3 {[%emt 0:00:00]} Bxc4 {[%emt 0:00:24]} 51. Rh3 {[%emt 0:00:00]} 1-0

[Event "105th British-ch 2018"]
[Site "Hull"]
[Date "2018.08.01"]
[Round "5"]
[White "Mcmichael, Richard J"]
[Black "Payne, Matthew J"]
[Result "0-1"]
[WhiteElo "2245"]
[BlackElo "2113"]
[Annotator "NA"]
[PlyCount "84"]
[EventDate "2018.07.28"]
[EventType "swiss"]
[EventCountry "GBR"]
[SourceTitle "playchess.com"]
[Source "ChessBase"]
[SourceQuality "1"]
[TimeControl "40/5400+30:1800+30"]

1. b3 {[%emt 0:00:00]} e5 {[%emt 0:00:00]} 2. Bb2 {[%emt 0:00:00]} Nc6 {[%emt 0:00:32]} 3. e3 {[%emt 0:00:00]} d5 {[%emt 0:02:00]} 4. Bb5 {[%emt 0:00:03]} Bd6 {[%emt 0:02:33]} 5. f4 {[%emt 0:00:09]} Qe7 {[%emt 0:10:59]} 6. Nf3 {[%emt 0:00:21]} Bg4 {[%emt 0:07:31]} 7. fxe5 {[%emt 0:00:30]} Bxe5 {[%emt 0:03:25]} 8. Bxe5 {[%emt 0:00:11]} Bxf3 {[%emt 0:00:11]} 9. Qxf3 {[%emt 0:00:24]} Qxe5 {[%emt 0:00:11]} 10. Bxc6+ {[%emt 0:00:44]} bxc6 {[%emt 0:00:05]} 11. O-O {[%emt 0:01:12]} Nf6 {[%emt 0:02:07]} 12. Nc3 {[%emt 0:00:05]} O-O {[%emt 0:02:32]} 13. Qf4 {[%emt 0:00:36]} Qd6 {[%emt 0:05:20]} 14. Qh4 {[%emt 0:03:37]} Rfe8 {[%emt 0:08:30]} 15. Rf4 {[%emt 0:01:24]} Re5 {[%emt 0:08:36]} 16. Qf2 {[%emt 0:06:06]} Rh5 {[%emt 0:11:38]} 17. h3 {[%emt 0:10:42]} Rg5 {[%emt 0:13:20]} 18. Rf1 {[%emt 0:04:28]} Qe6 {[%emt 0:03:02]} 19. Qf3 {[%emt 0:07:00]} Rf8 {[%emt 0:03:46]} 20. Ra4 {[%emt 0:08:19]} Nd7 {[%emt 0:05:29]} 21. Rxa7 {[%emt 0:15:04]} Ne5 {[%emt 0:00:15]} 22. Qf4 {[%emt 0:00:31]} h6 {[%emt 0:00:12]} 23. Rf2 {[%emt 0:06:49]} Ng6 {[%emt 0:00:49]} 24. Qh2 {[%emt 0:03:34]} Nh4 {[%emt 0:00:19]} 25. Kh1 {[%emt 0:03:06]} Nf5 {[%emt 0:04:17]} 26. Ne2 {[%emt 0:08:21]} Qe4 {[%emt 0:01:56]} 27. Qxc7 {[%emt 0:05:57]} Qxc2 {[%emt 0:00:36]} 28. Qf4 {[%emt 0:06:26]} Qxd2 {[%emt 0:00:57]} 29. e4 {[%emt 0:00:49]} Qe1+ {[%emt 0:00:40]} 30. Kh2 {[%emt 0:00:52]} dxe4 {[%emt 0:00:26]} 31. Ng1 {[%emt 0:02:23]} e3 {[%emt 0:01:53]} 32. Re2 {[%emt 0:00:14]} Qd1 {[%emt 0:00:41]} 33. Ra5 {[%emt 0:01:44]} Ng3 {[%emt 0:00:37]} 34. Rxg5 {[%emt 0:00:21]} Nxe2 {[%emt 0:00:09]} 35. Rxg7+ {[%emt 0:00:50]} Kxg7 {[%emt 0:00:04]} 36. Qg4+ {[%emt 0:00:19]} Kh8 {[%emt 0:00:16]} 37. Nxe2 {[%emt 0:00:04]} Rd8 {[%emt 0:00:21]} 38. h4 {[%emt 0:02:34]} Qd6+ {[%emt 0:00:22]} 39. g3 {[%emt 0:00:44]} Rg8 {[%emt 0:01:21]} 40. Qf3 {[%emt 0:00:23]} Qe6 {[%emt 0:00:45]} 41. Nd4 {[%emt 0:32:01]} Qe5 {[%emt 0:31:06]} 42. Ne2 {[%emt 0:00:00]} Rg6 {[%emt 0:00:00]} 0-1